[Event "PRO League Group Stage"]
[Site "chess.com INT"]
[Date "2017.02.22"]
[Round "7"]
[White "Meier, Georg"]
[Black "Fontaine, Robert"]
[Result "1-0"]
[WhiteTitle "GM"]
[BlackTitle "GM"]
[WhiteElo "2630"]
[BlackElo "2549"]
[WhiteTeam "Stockholm Snowballs"]
[BlackTeam "Cannes Blockbusters"]
[WhiteFideId "4675789"]
[BlackFideId "605590"]
[EventDate "2017.01.11"]

1. Nf3 d5 2. g3 c6 3. Bg2 Bg4 4. O-O Nd7 5. d4 e6 6. Nbd2 Ngf6 7. Re1 Be7 8. e4
dxe4 9. Nxe4 O-O 10. c3 Qb6 11. Qb3 Nxe4 12. Rxe4 Bf5 13. Re1 a5 14. Bg5 Bd6 15.
Nd2 a4 16. Qxb6 Nxb6 17. Ne4 Bxe4 18. Bxe4 h6 19. Bc1 Rfe8 20. Kf1 e5 21. dxe5
Bxe5 22. a3 Bc7 23. Bd3 Rxe1+ 24. Kxe1 Rd8 25. Bc2 Re8+ 26. Kf1 g5 27. Rb1 Kg7
28. Bd3 Rd8 29. Ke2 Re8+ 30. Kf1 Rd8 31. Bc2 f6 32. b3 axb3 33. Bxb3 Rd3 34. Bb2
Nd7 35. Ke2 Rd6 36. a4 Bb6 37. Bc1 Ba5 38. Ba3 c5 39. Rd1 Rxd1 40. Kxd1 Bxc3 41.
Be6 Nf8 42. Bd5 b6 43. Kc2 Be1 44. f3 Nd7 45. Kd3 f5 46. Kc4 Ba5 47. Bb2+ Kg6
48. Kb5 Nf6 49. Be6 g4 50. fxg4 fxg4 51. Be5 Ne4 52. Bxg4 h5 53. Bd7 Kg5 54. Bc7
Nc3+ 55. Ka6 Nd5 56. Bd8+ Kg6 57. Be6 Nb4+ 58. Kb5 Nc2 59. Bxb6 Bxb6 60. Kxb6
Nd4 61. Bc4 Kg5 62. a5 Nc2 63. a6 Ne3 64. Bf7 c4 65. a7 c3 66. a8=Q c2 67. Qd8+
Kg4 68. Qd4+ Kf3 69. Bxh5+ Kf2 70. Qd2+ Kg1 71. Ka7 Nf1 72. Qxc2 1-0

[Event "PRO League Group Stage"]
[Site "chess.com INT"]
[Date "2017.02.22"]
[Round "7"]
[White "Guseinov, Gadir"]
[Black "Baker, Vincent J"]
[Result "1-0"]
[WhiteTitle "GM"]
[WhiteElo "2643"]
[BlackElo "1960"]
[WhiteTeam "Atlanta Kings"]
[BlackTeam "Columbus Cardinals"]
[WhiteFideId "13401378"]
[BlackFideId "30911974"]
[EventDate "2017.01.11"]

1. e4 c5 2. Nf3 Nc6 3. Nc3 g6 4. d4 cxd4 5. Nxd4 Bg7 6. Be3 Nf6 7. Bc4 Qa5 8.
O-O O-O 9. Bb3 d6 10. h3 Bd7 11. Re1 a6 12. Nf3 b5 13. a4 b4 14. Nd5 Nxd5 15.
exd5 Ne5 16. Nxe5 Bxe5 17. Bd4 f6 18. Qd2 Rfe8 19. Kh1 Rac8 20. Bxe5 fxe5 21. f4
exf4 22. Qxf4 Bf5 23. Re2 Rf8 24. Rxe7 Qc5 25. Rae1 Rc7 26. Qh6 Rf7 27. Re8+ Rf8
28. Rxf8# 1-0

[Event "PRO League Group Stage"]
[Site "chess.com INT"]
[Date "2017.02.22"]
[Round "7"]
[White "Khachiyan, Melikset"]
[Black "Harmon-Vellotti, Luke"]
[Result "1-0"]
[WhiteTitle "GM"]
[BlackTitle "IM"]
[WhiteElo "2530"]
[BlackElo "2454"]
[WhiteTeam "San Diego Surfers"]
[BlackTeam "Dallas Destiny"]
[WhiteFideId "13300512"]
[BlackFideId "2030012"]
[EventDate "2017.01.11"]

1. d4 Nf6 2. Bf4 e6 3. e3 b6 4. Nf3 Bb7 5. Nbd2 Be7 6. Bd3 O-O 7. c3 c5 8. O-O
Nh5 9. dxc5 Nxf4 10. exf4 bxc5 11. f5 Nc6 12. Qc2 h6 13. Rad1 Qc7 14. Rfe1 Rad8
15. Qa4 exf5 16. Bxf5 d5 17. Nf1 Bf6 18. Ng3 g6 19. Bc2 Bg7 20. h4 h5 21. Ng5 c4
22. Ne2 Rfe8 23. Nf3 Qb6 24. b3 Ba6 25. Ned4 Rxe1+ 26. Rxe1 Nxd4 27. Re8+ Rxe8
28. Qxe8+ Bf8 29. Nxd4 cxb3 30. Bxb3 Qc5 31. Ne6 fxe6 32. Qxe6+ Kg7 33. Qxa6
Qxc3 34. Qxa7+ Kh6 35. Qf7 Qe1+ 36. Kh2 Bd6+ 37. g3 Bc5 38. Qf4+ Kg7 39. Qc7+
Be7 40. Qa7 Kh6 41. Qd4 g5 42. Qh8+ Kg6 43. Bc2+ Kf7 44. Qxh5+ Ke6 45. Qg6+ Kd7
46. Qf5+ Kd6 47. hxg5 Bxg5 48. Bb3 Qd2 49. Kh3 Be7 50. f4 Qd4 51. Qg6+ Kc5 52.
Kg4 Kb4 53. Qf7 Bc5 54. Bxd5 Qd1+ 55. Kg5 Qe1 56. Qb7+ Ka5 57. g4 Qd2 58. Kf5
Be3 59. Qc7+ Bb6 60. Qc4 Qb2 61. Bc6 Bc7 62. Qa4+ Kb6 63. Qb5+ Qxb5+ 64. Bxb5
Kxb5 65. g5 Ba5 66. Ke6 Bd2 67. Kf5 Bc3 68. g6 Kc5 69. Ke6 1-0

[Event "PRO League Group Stage"]
[Site "chess.com INT"]
[Date "2017.02.22"]
[Round "7"]
[White "Gonzalez, Renier"]
[Black "Benjamin, Joel"]
[Result "0-1"]
[WhiteTitle "GM"]
[BlackTitle "GM"]
[WhiteElo "2451"]
[BlackElo "2544"]
[WhiteTeam "Miami Champions"]
[BlackTeam "New Jersey Knockouts"]
[WhiteFideId "3501841"]
[BlackFideId "2000091"]
[EventDate "2017.01.11"]

1. Nf3 Nf6 2. b4 d5 3. Bb2 Bg4 4. e3 Nbd7 5. Be2 e6 6. b5 Be7 7. O-O O-O 8. a4
c5 9. d3 h6 10. Nbd2 Qc7 11. c4 Rad8 12. a5 Bd6 13. h3 Bh5 14. Qb3 d4 15. exd4
Bf4 16. Rfd1 cxd4 17. Bxd4 Nc5 18. Qa3 Nfd7 19. Ne4 Nxe4 20. dxe4 Bxf3 21. Qxf3
Bh2+ 22. Kh1 Be5 23. Bxa7 Bxa1 24. Rxa1 Ra8 25. Qe3 b6 26. axb6 Nxb6 27. Ra6
Rxa7 28. Qxb6 Qxb6 29. Rxb6 Rc8 30. Rd6 Ra2 31. Bf1 Ra1 32. Kg1 Rxc4 33. b6 Rb4
34. f3 Rb2 35. e5 g6 36. f4 Kg7 37. Rd3 Rxb6 38. Kf2 Rb2+ 39. Be2 Ra4 40. g3 Re4
41. Re3 Rxe3 42. Kxe3 g5 43. Kf3 Rb3+ 44. Kg2 Re3 45. Bh5 Rc3 46. h4 gxf4 47.
gxf4 Re3 48. Kh2 Kf8 49. Kg2 Ke7 50. Kh2 Rd3 51. Kg2 Rd8 52. Kg3 Rg8+ 53. Kf2
Rg7 54. Kf3 Kd7 55. Ke4 Ke7 56. Kf3 f6 57. exf6+ Kxf6 58. Bg4 Ra7 59. h5 Ra3+
60. Ke4 Ra4+ 61. Kf3 e5 62. fxe5+ Kxe5 63. Kg3 Ra3+ 64. Kf2 Kf4 65. Bd7 Ra2+ 66.
Kf1 Kf3 67. Bc6+ Kg3 68. Be8 Rf2+ 69. Ke1 Kg2 70. Bg6 Kg1 71. Be8 Rf6 72. Bg6
Re6+ 73. Kd2 Kf2 74. Kd3 Kf3 75. Kd2 Re3 76. Bf7 Kf2 77. Bg6 Ra3 78. Be8 Ra6 79.
Kd3 Rd6+ 80. Kc4 Ke3 81. Bg6 Rd4+ 82. Kc5 Ra4 83. Kd5 Kf4 84. Be8 Rb4 85. Bg6
Kg5 86. Ke5 Rh4 87. Bf7 Rf4 88. Bg6 Rg4 89. Bf7 Rb4 90. Bg6 Rf4 91. Be8 Rf1 92.
Bg6 Re1+ 93. Kd4 Kf4 94. Kd3 Kf3 95. Kd4 Kf4 96. Kd3 Re3+ 97. Kd4 Ra3 98. Bf7
Kg4 99. Bg6 Kg5 100. Ke4 Rh3 101. Bf7 Rh4+ 102. Kf3 Rf4+ 0-1

[Event "PRO League Group Stage"]
[Site "chess.com INT"]
[Date "2017.02.22"]
[Round "7"]
[White "Gonzalez, Renier"]
[Black "Balakrishnan, Praveen"]
[Result "1/2-1/2"]
[WhiteTitle "GM"]
[BlackTitle "FM"]
[WhiteElo "2451"]
[BlackElo "2465"]
[WhiteTeam "Miami Champions"]
[BlackTeam "New Jersey Knockouts"]
[WhiteFideId "3501841"]
[BlackFideId "2064871"]
[EventDate "2017.01.11"]

1. Nf3 c5 2. b3 Nf6 3. Bb2 e6 4. e3 d5 5. Be2 Nc6 6. O-O Be7 7. a3 O-O 8. d4 b6
9. Nbd2 Bb7 10. c4 Rc8 11. Re1 Qc7 12. Rc1 Rfd8 13. cxd5 Nxd5 14. dxc5 bxc5 15.
Qc2 Na5 16. Bf1 Qb6 17. Rb1 Bf6 18. Ne5 Qd6 19. Ne4 Qe7 20. Nxf6+ Nxf6 21. Qc3
Nc6 22. Nc4 Qf8 23. Rbd1 Ne7 24. f3 Ned5 25. Qc2 Qe7 26. Rd2 Ba6 27. e4 Bxc4 28.
Bxc4 Nb6 29. Ba6 Rxd2 30. Qxd2 Rd8 31. Qc1 c4 32. Bxc4 Rc8 33. Rd1 h6 34. Rd2
Nxc4 35. bxc4 Qc5+ 36. Bd4 Qe7 37. c5 e5 38. Be3 Nd7 39. Rd5 Nb6 40. Rd3 Na4 41.
Qc2 Qe8 42. h3 Kh7 43. Kh2 Rc7 44. Rd5 Nb6 45. Rd6 Nd7 46. Rd3 Qc8 47. Rc3 Qa6
48. Qb3 Nf8 49. a4 Ne6 50. Qb5 Qc8 51. Qc4 Rc6 52. Qd5 Qc7 53. Rb3 Nd4 54. Rc3
Ra6 55. Rc4 Nc6 56. Qd1 Qb7 57. Qc2 f6 58. Bf2 Qb8 59. Kh1 Qb7 60. Bg1 Qb8 61.
Qd3 Qb7 62. Bf2 Qb2 63. Bg1 Qb7 64. Kh2 Qc7 65. Qb1 Na5 66. Rc3 Rc6 67. Bf2 Nb7
68. Qb4 Nd8 69. Qc4 Ne6 70. Be3 Nd4 71. Kh1 Ne6 72. Kh2 Nd4 73. Kh1 Ne6 74. Rc1
Qb7 75. Qd5 Qc7 76. Rb1 Qc8 77. Rb8 Qc7 78. Rb1 Qc8 79. Rc1 Ra6 80. Qc4 Rc6 81.
Qb5 Qc7 82. Qc4 Qc8 83. Qd5 Ra6 84. Qc4 Rc6 1/2-1/2

[Event "PRO League Group Stage"]
[Site "chess.com INT"]
[Date "2017.02.22"]
[Round "7"]
[White "Huschenbeth, Niclas"]
[Black "Fernandez, Daniel Howard"]
[Result "1/2-1/2"]
[WhiteTitle "GM"]
[BlackTitle "IM"]
[WhiteElo "2565"]
[BlackElo "2473"]
[WhiteTeam "Hamburg Swashbucklers"]
[BlackTeam "London Lions"]
[WhiteFideId "24604747"]
[BlackFideId "5801605"]
[EventDate "2017.01.11"]

1. e4 c6 2. d4 d5 3. e5 Bf5 4. Nf3 e6 5. Be2 Bg4 6. O-O Ne7 7. Nbd2 Nd7 8. Nb3
Bxf3 9. Bxf3 c5 10. c4 dxc4 11. Nxc5 Nxc5 12. dxc5 Qxd1 13. Rxd1 Rb8 14. Be3 Nc6
15. Bxc6+ bxc6 16. b3 c3 17. Rac1 Be7 18. Rxc3 Rd8 19. Rcd3 Rd5 20. f4 g6 21.
Rxd5 exd5 22. Bd4 Rf8 23. g4 Kd7 24. Kg2 Rb8 25. Kf3 Rb5 26. Rc1 a5 27. f5 a4
28. Rc3 Rb4 29. Ke3 Bh4 30. bxa4 Rxa4 31. Rb3 Rxa2 32. Rb7+ Kc8 33. Rxf7 Bf2+
34. Kd3 Ra3+ 35. Bc3 d4 36. fxg6 Rxc3+ 37. Ke4 hxg6 38. Rxf2 d3 39. e6 Kd8 40.
Rf7 Rxc5 41. Kxd3 Re5 42. Rf6 Rg5 43. Rf4 Ke7 44. Re4 Ra5 45. h4 Ra3+ 46. Ke2
Rh3 47. g5 c5 48. Kf2 Rd3 49. Re5 c4 50. Rc5 Rd4 51. Kg3 Kxe6 52. Rc6+ Kd7 53.
Rc5 Kd6 54. Rc8 Kd7 55. Rc5 Kd6 1/2-1/2

[Event "PRO League Group Stage"]
[Site "chess.com INT"]
[Date "2017.02.22"]
[Round "7"]
[White "Pavasovic, Dusko"]
[Black "Svendsen, Bertil"]
[Result "1-0"]
[WhiteTitle "GM"]
[WhiteElo "2548"]
[BlackElo "2214"]
[WhiteTeam "Ljubljana Direwolves"]
[BlackTeam "Norway Gnomes"]
[WhiteFideId "14600986"]
[BlackFideId "1502808"]
[EventDate "2017.01.11"]

1. e4 c5 2. Nf3 d6 3. d4 cxd4 4. Nxd4 Nf6 5. Nc3 g6 6. Be3 Bg7 7. f3 O-O 8. Qd2
Nc6 9. O-O-O Nxd4 10. Bxd4 Be6 11. Kb1 Qc7 12. Nb5 Qd7 13. g4 a6 14. Nc3 Rfc8
15. h4 b5 16. h5 Qb7 17. hxg6 hxg6 18. g5 Nh5 19. Bh3 Bxd4 20. Qxd4 Rc4 21. Qe3
Rac8 22. Rd2 Qc6 23. Nd5 Qc5 24. Nxe7+ Kf8 25. Qxc5 R8xc5 26. Nxg6+ Kg7 27. Bxe6
fxe6 28. Rxh5 Kxg6 29. Rh6+ Kxg5 30. Rxe6 Kf4 31. b3 Rc3 32. Rf6+ Ke3 33. Rfxd6
Kxf3 34. Rxa6 Kxe4 35. Re6+ Kf5 36. Red6 Ke5 37. R6d3 Ke4 38. Rxc3 Rxc3 39. a3
Rc6 40. Kb2 Ke5 41. c3 Ke4 42. b4 Ke5 43. Kb3 Ke6 44. Rd3 Ke5 45. a4 bxa4+ 46.
Kxa4 Ke6 47. Kb3 Rc8 48. b5 Ke5 49. Kb4 Ke6 50. c4 Ke5 51. b6 Ke6 52. Kb5 1-0

[Event "PRO League Group Stage"]
[Site "chess.com INT"]
[Date "2017.02.22"]
[Round "7"]
[White "Arsovic, Goran"]
[Black "Kovalenko, Igor"]
[Result "0-1"]
[WhiteTitle "IM"]
[BlackTitle "GM"]
[WhiteElo "2401"]
[BlackElo "2684"]
[WhiteTeam "Belgrade Sparrows"]
[BlackTeam "Riga Magicians"]
[WhiteFideId "901792"]
[BlackFideId "14117908"]
[EventDate "2017.01.11"]

1. Nf3 Nf6 2. c4 e6 3. g3 b6 4. Bg2 Bb7 5. O-O c5 6. Nc3 Be7 7. b3 O-O 8. Bb2 a6
9. e3 d5 10. cxd5 Nxd5 11. d4 Nxc3 12. Bxc3 Bf6 13. Rc1 Nd7 14. Qe2 Qe7 15. Rfd1
Rfc8 16. dxc5 Bxc3 17. Rxc3 Rxc5 18. Rxc5 Nxc5 19. Ne5 f6 20. Nc6 Bxc6 21. Bxc6
Rc8 22. Bf3 b5 23. Qd2 Kf7 24. h4 Rc7 25. Qb4 Nd7 26. Qf4 Ne5 27. Be4 Kg8 28.
Kg2 Rd7 29. Rc1 Rc7 30. Rd1 b4 31. Rd2 a5 32. Bf3 Rd7 33. Rc2 g6 34. Rc8+ Rd8
35. Rxd8+ Qxd8 36. Be2 Kg7 37. Qe4 Qb6 38. f4 Qc6 39. Bd3 Qxe4+ 40. Bxe4 Nd7 41.
Kf3 Nc5 42. Bc2 h6 43. g4 g5 44. hxg5 hxg5 45. Be4 Kf7 46. Bc2 Ke7 47. Ke2 Kd6
48. Kf3 e5 49. Bg6 Kc7 50. Bf5 Kd6 51. Bg6 Ke6 52. Bh7 Kd5 53. Bg8+ Kc6 54. Bh7
Kb5 55. Bg6 Kb6 56. Bc2 Ka6 57. Bg6 Kb5 58. Be8+ Kb6 59. Bg6 Kc7 60. Bf5 Kd6 61.
Bc2 Kd5 62. Bb1 exf4 63. exf4 Kd4 64. fxg5 fxg5 65. Ke2 Ne4 66. Bd3 Nc3+ 67. Kd2
Nxa2 68. Bb5 Nc3 69. Bc6 Ne4+ 70. Ke2 Nc5 0-1

[Event "PRO League Group Stage"]
[Site "chess.com INT"]
[Date "2017.02.22"]
[Round "7"]
[White "Nagle, Sean"]
[Black "Li, Beilin"]
[Result "1-0"]
[WhiteTitle "IM"]
[WhiteElo "2423"]
[BlackElo "1780"]
[WhiteTeam "Minnesota Blizzard"]
[BlackTeam "Pittsburgh Pawngrabbers"]
[WhiteFideId "2013878"]
[BlackFideId "30930952"]
[EventDate "2017.01.11"]

1. Nf3 Nf6 2. c4 e6 3. g3 b6 4. Bg2 Bb7 5. O-O c5 6. Nc3 Be7 7. Re1 O-O 8. e4 d6
9. d4 cxd4 10. Nxd4 a6 11. e5 dxe5 12. Bxb7 exd4 13. Bxa8 dxc3 14. Qxd8 Rxd8 15.
bxc3 Nbd7 16. Bg2 Nc5 17. Rb1 Na4 18. Be3 Rd6 19. Rb3 Nd7 20. Bf3 Nac5 21. Rbb1
Rd3 22. Rec1 Bf6 23. Bxc5 bxc5 24. Rd1 Rxf3 25. Rxd7 h6 26. Rb3 Rxc3 27. Rxc3
Bxc3 28. Kf1 a5 29. Ke2 Bb4 30. Ra7 g6 31. Kd3 Kg7 32. Kc2 Kf6 33. Kb3 Ke5 34.
Rxf7 Bd2 35. Kc2 Bb4 36. Kd3 Ba3 37. f4+ Kd6 38. Rf6 1-0

[Event "PRO League Group Stage"]
[Site "chess.com INT"]
[Date "2017.02.22"]
[Round "7"]
[White "Nagle, Sean"]
[Black "Song, Edward"]
[Result "1-0"]
[WhiteTitle "IM"]
[BlackTitle "FM"]
[WhiteElo "2423"]
[BlackElo "2299"]
[WhiteTeam "Minnesota Blizzard"]
[BlackTeam "Pittsburgh Pawngrabbers"]
[WhiteFideId "2013878"]
[BlackFideId "2051192"]
[EventDate "2017.01.11"]

1. Nf3 c5 2. c3 Nf6 3. d4 d5 4. Bf4 Qb6 5. Qb3 c4 6. Qc2 g6 7. Nbd2 Bf5 8. Qc1
Nc6 9. h3 Bg7 10. e3 O-O 11. Be2 Nd7 12. O-O e5 13. dxe5 Ndxe5 14. Nxe5 Nxe5 15.
Bxe5 Bxe5 16. Nf3 Bg7 17. Rd1 Rad8 18. Nd4 Bc8 19. Bf3 Qc5 20. b4 Qc7 21. a4 a6
22. Ra2 Qe5 23. Rad2 Rd6 24. Ne2 Rfd8 25. b5 a5 26. Rd4 Be6 27. Qa3 b6 28. Nf4
R6d7 29. h4 h5 30. g3 Qd6 31. Qxd6 Rxd6 32. Ne2 Bxd4 33. Rxd4 Kg7 34. Nf4 Kf6
35. Kf1 Ke5 36. Kg2 R6d7 37. Rd2 Rd6 38. Rd4 Kf6 39. Ne2 Kg7 40. Nf4 R8d7 41.
Ne2 f6 42. Nf4 Bf7 43. Ne2 Kh6 44. g4 hxg4 45. Bxg4 Rd8 46. Nf4 Kg7 47. Bf3 Bg8
48. Kg3 Kh6 49. Kg2 Bf7 50. Kg3 g5 51. hxg5+ fxg5 52. Ne2 Be6 53. Bg4 Bxg4 54.
Kxg4 Kg6 55. Ng3 R6d7 56. f4 gxf4 57. exf4 Rh7 58. Nf5 Kf6 59. Ne3 Ke6 60. f5+
Ke5 61. Kf3 Rh3+ 62. Kf2 Rxe3 63. Kxe3 Kxf5 64. Rh4 Ke5 65. Rh5+ Kd6 66. Kd4 Kc7
67. Rxd5 Rh8 68. Kxc4 Rh4+ 69. Rd4 Rh5 70. Rg4 Rf5 71. Rg7+ Kb8 72. Kd4 Rc5 73.
c4 Kc8 74. Rf7 Kb8 75. Re7 Rh5 76. Re5 Rh7 77. Kd5 Kc7 78. c5 Rd7+ 79. Kc4 bxc5
80. Rxc5+ Kb7 81. Rc6 Rh7 82. Rd6 Rh4+ 83. Rd4 Rh5 84. Rd7+ Kb6 85. Rd6+ Kb7 86.
Ra6 Rh4+ 87. Kb3 Rh3+ 88. Kb2 Rh2+ 89. Kc1 Rh1+ 90. Kd2 Rh2+ 91. Ke1 Rh1+ 92.
Kf2 Rh2+ 93. Kg3 Re2 94. Rxa5 Kb6 95. Ra6+ Kb7 96. Kf3 Re1 97. Kf2 Re8 98. Rf6
Re4 99. a5 Re5 100. a6+ Ka7 101. Rf7+ Kb8 102. b6 Re8 103. Kf3 Rh8 104. Kf4 Re8
105. Kf5 Rg8 106. Kf6 Re8 107. Kg7 1-0

[Event "PRO League Group Stage"]
[Site "chess.com INT"]
[Date "2017.02.22"]
[Round "7"]
[White "Gulamali, Kazim"]
[Black "Feng, Maggie"]
[Result "1-0"]
[WhiteTitle "FM"]
[BlackTitle "WCM"]
[WhiteElo "2341"]
[BlackElo "2164"]
[WhiteTeam "Atlanta Kings"]
[BlackTeam "Columbus Cardinals"]
[WhiteFideId "2024764"]
[BlackFideId "2078090"]
[EventDate "2017.01.11"]

1. d4 d5 2. Bf4 Nf6 3. e3 c5 4. dxc5 e6 5. Nd2 Bxc5 6. Ngf3 O-O 7. Bd3 Nc6 8. c3
h6 9. O-O Qe7 10. Ne5 Bd6 11. Ndf3 Qc7 12. Nxc6 bxc6 13. Bxd6 Qxd6 14. c4 e5 15.
Be2 Rd8 16. Qa4 d4 17. exd4 exd4 18. Rad1 c5 19. b4 Bf5 20. Qa5 d3 21. Rfe1 Qb6
22. Bf1 Qxb4 23. Qxb4 cxb4 24. Ne5 d2 25. Re2 Ne4 26. Nc6 Rd7 27. f3 Nc3 28.
Rdxd2 Nxe2+ 29. Rxe2 Kh7 30. Re5 Bg6 31. Nxb4 Rd1 32. Kf2 Rb8 33. a3 Ra1 34. Ra5
Rb7 35. c5 Rc1 36. c6 Rc7 37. g4 f6 38. h4 Be8 39. Bd3+ Kg8 40. Be4 Kf8 41. h5
Bf7 42. Rb5 Ke7 43. Rb7 Kd6 44. Na6 R7xc6 45. Bxc6 Rxc6 46. Rxa7 Rc2+ 47. Ke3
Bd5 48. Nb4 Rc3+ 49. Kd4 Rc4+ 50. Kd3 Rc5 51. Nxd5 Rxd5+ 52. Ke4 Re5+ 53. Kf4 1-0

[Event "PRO League Group Stage"]
[Site "chess.com INT"]
[Date "2017.02.22"]
[Round "7"]
[White "Gulamali, Kazim"]
[Black "Liu, Aristo S"]
[Result "1-0"]
[WhiteTitle "FM"]
[WhiteElo "2341"]
[BlackElo "1969"]
[WhiteTeam "Atlanta Kings"]
[BlackTeam "Columbus Cardinals"]
[WhiteFideId "2024764"]
[BlackFideId "30903483"]
[EventDate "2017.01.11"]

1. d4 Nf6 2. Bf4 g6 3. Nc3 Bg7 4. Qd2 d6 5. Bh6 O-O 6. e4 c5 7. Bxg7 Kxg7 8.
Nge2 Nc6 9. d5 Ne5 10. Ng3 a6 11. a4 Qa5 12. f4 Ned7 13. Be2 b5 14. O-O b4 15.
Nd1 Bb7 16. Ne3 Qc7 17. a5 e6 18. Bf3 exd5 19. exd5 Rae8 20. Rfe1 Qb8 21. Qd3
Qa8 22. Ngf1 Kg8 23. Nd2 Rxe3 24. Rxe3 Nxd5 25. Bxd5 Bxd5 26. Ne4 f5 27. Nxd6
Bxg2 28. Re7 Bh1 29. Qb3+ Kh8 30. Qh3 Nf6 31. Rae1 Qd5 32. Nf7+ Rxf7 33. Rxf7
Qxf7 34. Kxh1 Qd5+ 35. Kg1 Ne4 36. Qd3 Qc6 37. Rd1 Kg7 38. Qd7+ Qxd7 39. Rxd7+
Kh6 40. Ra7 c4 41. Rxa6 Nd2 42. Rc6 b3 43. cxb3 cxb3 44. a6 Nf3+ 45. Kf2 Nd4 46.
Rc3 Nb5 47. Rxb3 1-0

[Event "PRO League Group Stage"]
[Site "chess.com INT"]
[Date "2017.02.22"]
[Round "7"]
[White "Song, Edward"]
[Black "Tang, Andrew"]
[Result "1/2-1/2"]
[WhiteTitle "FM"]
[BlackTitle "IM"]
[WhiteElo "2299"]
[BlackElo "2466"]
[WhiteTeam "Pittsburgh Pawngrabbers"]
[BlackTeam "Minnesota Blizzard"]
[WhiteFideId "2051192"]
[BlackFideId "2059630"]
[EventDate "2017.01.11"]

1. d4 d5 2. Nc3 Nf6 3. Bf4 e6 4. Nb5 Na6 5. a3 Be7 6. e3 O-O 7. Nf3 Ne4 8. Nd2
f5 9. Nxe4 fxe4 10. Be2 c6 11. Nc3 Bd6 12. Qd2 Nc7 13. O-O Qe7 14. Bxd6 Qxd6 15.
f3 exf3 16. Rxf3 Rxf3 17. Bxf3 e5 18. dxe5 Qxe5 19. e4 d4 20. Ne2 Ne6 21. Rd1 c5
22. c3 dxc3 23. Qxc3 Qxc3 24. bxc3 Kf7 25. Ng3 g6 26. e5 Ke7 27. Ne4 Rb8 28. Kf2
b6 29. Ke3 Ng7 30. g4 Be6 31. Nf6 h5 32. gxh5 gxh5 33. Rg1 Nf5+ 34. Kf4 Rd8 35.
Rg5 Nh6 36. Rxh5 Nf7 37. Rh7 Rd3 38. h4 Bc4 39. h5 b5 40. h6 a5 41. Rg7 Rd8 42.
h7 Rh8 43. Rg8 b4 44. cxb4 axb4 45. axb4 cxb4 46. Bh5 Rxh7 47. Nxh7 Nxe5 48.
Rg7+ Kd6 49. Rb7 b3 50. Nf6 Kc6 51. Rb8 Kc7 52. Kxe5 Kxb8 53. Bg6 b2 54. Bb1 Kc7 1/2-1/2

[Event "PRO League Group Stage"]
[Site "chess.com INT"]
[Date "2017.02.22"]
[Round "7"]
[White "Song, Edward"]
[Black "Narayanan, Samrug"]
[Result "1-0"]
[WhiteTitle "FM"]
[WhiteElo "2299"]
[BlackElo "1777"]
[WhiteTeam "Pittsburgh Pawngrabbers"]
[BlackTeam "Minnesota Blizzard"]
[WhiteFideId "2051192"]
[BlackFideId "30914051"]
[EventDate "2017.01.11"]

1. d4 Nf6 2. c4 g6 3. f3 Bg7 4. e4 d6 5. Nc3 O-O 6. Be3 e5 7. Nge2 Nc6 8. d5 Ne7
9. g4 Ne8 10. h4 f5 11. g5 fxe4 12. fxe4 Bg4 13. Bh3 Bxh3 14. Rxh3 Qd7 15. Rg3
c5 16. dxc6 bxc6 17. Qb3 Nc7 18. O-O-O Rfb8 19. Qa3 Rd8 20. Bc5 Nc8 21. Bxd6
Nxd6 22. c5 Nce8 23. cxd6 Nxd6 24. Rgd3 Bf8 25. Qc5 Rab8 26. Qxe5 Qb7 27. b3 Nf7
28. Qf4 Rxd3 29. Rxd3 Re8 30. Rd1 Bg7 31. Kc2 Ne5 32. Qe3 Rf8 33. Qc5 Qa6 34.
Kb1 Rb8 35. Qe7 Qb6 36. Nf4 Nf7 37. Rd7 Qg1+ 38. Nd1 Rf8 39. Ne6 Qf1 40. Nxf8
Bxf8 41. Qf6 Qxf6 42. gxf6 Ne5 43. Rxa7 Bc5 44. Rb7 Bd4 45. a4 Nd3 46. Rd7 c5
47. a5 Nb4 48. f7+ Kf8 49. Nb2 Nc6 50. Nc4 Bc3 51. a6 Bf6 52. a7 Nxa7 53. Rxa7
Be7 54. Ne5 Bd6 55. Ra8+ 1-0

[Event "PRO League Group Stage"]
[Site "chess.com INT"]
[Date "2017.02.22"]
[Round "7"]
[White "Svendsen, Bertil"]
[Black "Lenic, Luka"]
[Result "1/2-1/2"]
[BlackTitle "GM"]
[WhiteElo "2214"]
[BlackElo "2641"]
[WhiteTeam "Norway Gnomes"]
[BlackTeam "Ljubljana Direwolves"]
[WhiteFideId "1502808"]
[BlackFideId "14603853"]
[EventDate "2017.01.11"]

1. d4 g6 2. Nf3 Bg7 3. g3 c5 4. c3 Nf6 5. Bg2 O-O 6. O-O d6 7. Nbd2 cxd4 8. cxd4
Nc6 9. e4 Bg4 10. d5 Ne5 11. h3 Nxf3+ 12. Nxf3 Bxf3 13. Bxf3 Nd7 14. Be3 Qa5 15.
Bg2 Rfc8 16. Qe2 Qb4 17. Rab1 Nc5 18. Bxc5 Rxc5 19. Rfc1 Rac8 20. Rxc5 Qxc5 21.
Rd1 Qc2 22. Rd2 Qb1+ 23. Kh2 a6 24. b3 h5 25. h4 Rc1 26. Qf3 Bc3 27. Re2 Bd4 28.
Rd2 Be5 29. Re2 Rc3 30. Re3 Rc2 31. Re2 Qxa2 32. Rxc2 Qxc2 33. Bh3 b5 34. Bd7
Kg7 35. Kg2 Qc7 36. Bc6 Qb6 37. Qe2 Qc5 38. Qd3 Qb4 39. Qc2 Bd4 40. Qd3 Be5 41.
Qc2 a5 42. Bd7 Bd4 43. Bc6 Bf6 44. Bd7 g5 45. hxg5 Bxg5 46. Bc6 Bf6 47. Bd7 Kf8
48. Bc6 e6 49. Kf1 h4 50. gxh4 Bxh4 51. Bd7 exd5 52. exd5 Qd4 53. Bc6 b4 54. Kg2
Qf4 55. Qe2 Bf6 56. Qf3 Qd4 57. Ba4 Be5 58. Bc6 Qh4 59. Ba4 Qh2+ 60. Kf1 Ke7 61.
Bb5 Qh4 62. Ba4 Qg5 63. Bb5 f5 64. Ba4 Kf6 65. Bd7 Qc1+ 66. Kg2 Qg5+ 67. Kf1 Qg6
68. Ba4 Qf7 69. Bc6 Qh7 70. Ba4 Bd4 71. Bc6 Qe7 72. Ba4 Bc5 73. Bc6 Qe5 74. Ba4
Qa1+ 75. Kg2 Qe5 76. Bc6 Qd4 77. Bd7 Qe4 78. Ba4 Ke5 79. Bc6 Kd4 80. Qxe4+ fxe4
81. Kf1 a4 82. Bxa4 Kxd5 83. Ke2 Ke5 84. f3 e3 85. Kd3 Kf4 86. Bc6 Kg3 87. Ke2
Bd4 88. Be4 Kf4 89. Bd3 Ke5 90. Bb5 Bc5 91. Kd3 d5 92. Bc6 Bb6 93. Bb5 Kd6 94.
Ba6 Ba7 95. Bc8 Ke5 96. Ba6 Kf4 97. Ke2 Kg3 98. Bd3 d4 99. Bc4 Bb8 100. Bd3 Bf4
101. Bc4 Be5 102. Bd3 Kf4 103. Bc4 Bf6 104. Bd3 Ke5 105. Bc4 Bh4 106. Bd3 1/2-1/2

[Event "PRO League Group Stage"]
[Site "chess.com INT"]
[Date "2017.02.22"]
[Round "7"]
[White "Reimanis, Ritvars"]
[Black "Arsovic, Goran"]
[Result "1/2-1/2"]
[BlackTitle "IM"]
[WhiteElo "2264"]
[BlackElo "2401"]
[WhiteTeam "Riga Magicians"]
[BlackTeam "Belgrade Sparrows"]
[WhiteFideId "11602988"]
[BlackFideId "901792"]
[EventDate "2017.01.11"]

1. d4 Nf6 2. c4 g6 3. f3 Bg7 4. e4 d6 5. Ne2 O-O 6. Nec3 c5 7. d5 e6 8. Be2 exd5
9. cxd5 Nbd7 10. O-O a6 11. a4 Nh5 12. g4 Nhf6 13. Na3 h5 14. h3 hxg4 15. hxg4
Re8 16. Nc4 Ne5 17. Nxe5 Rxe5 18. Bf4 Re8 19. a5 b5 20. axb6 Qxb6 21. Na4 Qd8
22. Nc3 Rb8 23. Bxa6 Rb6 24. Bxc8 Qxc8 25. Rf2 Nd7 26. Kg2 Ne5 27. Bg3 Qd7 28.
Qa4 Qe7 29. Bh4 Qf8 30. Qa7 Reb8 31. Nd1 Nd3 32. Rd2 Nf4+ 33. Kf1 R6b7 34. Qa6
Rb3 35. Ra3 Be5 36. g5 Kg7 37. Bg3 R3b6 38. Qa7 Qe8 39. Qa4 Qc8 40. Rh2 Qd8 41.
Qc2 Qe7 42. Rh1 Rb4 43. Qh2 Nh5 44. Bxe5+ dxe5 45. Qg2 Rd4 46. Ne3 c4 47. Rxh5
Qxa3 48. Rh7+ Kxh7 49. Qh3+ Kg8 50. bxa3 Rd2 51. Kg1 c3 52. Qf1 c2 53. Nxc2 Rxc2
54. d6 Rd2 55. d7 Rxd7 56. Kf2 Rb2+ 57. Kg3 Rdd2 58. a4 Ra2 59. Kh3 Rxa4 60. Qb5
Ra3 61. Qe8+ Kg7 62. Qxe5+ Kh7 63. Qf4 Rd7 64. Kg4 Rb3 65. Qh2+ Kg8 66. f4 Re3
67. Qc2 Rd4 68. Qc8+ Kg7 69. Qc6 Rexe4 70. Qf6+ Kg8 71. Kg3 Rxf4 72. Qxf4 Rxf4
73. Kxf4 Kf8 74. Ke4 Ke8 75. Kd4 Kd8 76. Ke4 Kd7 77. Kd5 Ke7 78. Ke5 Ke8 79. Ke4
Kd8 80. Kd4 Kc8 81. Ke4 Kc7 82. Ke5 Kd7 83. Kd5 Ke7 84. Ke5 f6+ 85. gxf6+ Kf7
86. Ke4 1/2-1/2